Sujeto-objeto (Record no. 34266)
[ view plain ]
| 000 -LEADER | |
|---|---|
| campo de control de longitud fija | 00693nam a2200205 i 4500 |
| 001 - NÚMERO DE CONTROL | |
| campo de control | 34266 |
| 003 - IDENTIFICADOR DE NÚMERO DE CONTROL | |
| campo de control | ES-MaACL |
| 005 - FECHA Y HORA DE LA ÚLTIMA TRANSACCIÓN | |
| campo de control | 20250905123705.0 |
| 007 - CAMPO FIJO DE DESCRIPCIÓN FÍSICA--INFORMACIÓN GENERAL | |
| campo de control de longitud fija | t| |
| 008 - DATOS DE LONGITUD FIJA--INFORMACIÓN GENERAL | |
| campo de control de longitud fija | 030204s1982 mx ||||1| spa d |
| 100 1# - ENTRADA PRINCIPAL--NOMBRE DE PERSONA | |
| Nombre de persona | Bloch, Ernst. |
| 9 (RLIN) | 29505 |
| 245 10 - MENCIÓN DEL TÍTULO | |
| Título | Sujeto-objeto |
| Resto del título | : (el pensamiento de Hegel) / |
| Mención de responsabilidad, etc. | Ernst Bloch ; [traducción de Wenceslao Roces y otros]. |
| 250 ## - MENCION DE EDICION | |
| Mención de edición | [2ª ed.]. |
| 260 ## - PUBLICACIÓN, DISTRIBUCIÓN, ETC. | |
| Lugar de publicación, distribución, etc. | México, etc. : |
| Nombre del editor, distribuidor, etc. | Fondo de Cultura Económica, |
| Fecha de publicación, distribución, etc. | [1982] |
| 300 ## - DESCRIPCIÓN FÍSICA | |
| Extensión | 514 p. ; |
| Dimensiones | 21 cm. |
| 600 04 - PUNTO DE ACCESO ADICIONAL DE MATERIA--NOMBRE DE PERSONA | |
| Nombre de persona | Hegel, Georg Wilhelm Friedrich- |
| Subdivisión general | Crítica e interpretación. |
| 9 (RLIN) | 62317 |
| 700 1# - ENTRADA AGREGADA--NOMBRE PERSONAL | |
| Nombre de persona | Roces, Wenceslao, |
| Fechas asociadas al nombre | 1897-1992 |
| 9 (RLIN) | 98039 |
| 852 ## - LOCALIZACIÓN | |
| Ubicación | ES-MaACL |
| Número de control de estantería | L-4151 |
| Sublocalización o colección | R.104792 |
| Estatus retirado | Estado de pérdida | Estado de daño | No para préstamo | Biblioteca de origen | Biblioteca actual | Ubicación en estantería | Fecha de adquisición | Fuente de adquisición | Total de préstamos | Signatura topográfica completa | Código de barras | Visto por última vez | Precio de reemplazo | Tipo de ítem Koha |
|---|---|---|---|---|---|---|---|---|---|---|---|---|---|---|
| Biblioteca del Ateneo de Madrid | Biblioteca del Ateneo de Madrid | Depósito 2 | 17/01/2008 | L-4151 | 1035739 | 23/02/2023 | 23/02/2023 | Libro impreso |
